[Event "St Petersburg Chigorin CC-ch"]
[Site "St Petersburg"]
[Date "2008.05.19"]
[Round "5"]
[White "Zhuravliov, Mikhail"]
[Black "Khatenever, Feliks"]
[Result "1-0"]
[WhiteElo "2019"]
[BlackElo "1980"]
[PlyCount "167"]
[EventDate "2008.05.13"]
[EventType "swiss"]
[EventRounds "9"]
[EventCountry "RUS"]
[SourceTitle "CBM 124 Extra"]
[Source "ChessBase"]
[SourceDate "2008.07.03"]
[SourceVersion "1"]
[SourceVersionDate "2008.07.03"]
[SourceQuality "1"]

1. e4 e6 2. d4 d5 3. Nc3 dxe4 4. Nxe4 Nd7 5. Nf3 Ngf6 6. Bd3 Nxe4 7. Bxe4 Nf6 8. Bd3 Be7 9. 0-0 0-0 10. Bg5 b6 11. Re1 Bb7 12. c3 h6 13. Bxf6 Bxf6 14. Ne5 Bxe5 15. Rxe5 Re8 16. Bc2 Qf6 17. Qd3 g6 18. Qh3 Kg7 19. Qg3 Rad8 20. b4 Re7 21. h4 c5 22. bxc5 bxc5 23. Rxc5 Rd5 24. Rxd5 Bxd5 25. h5 e5 26. hxg6 fxg6 27. dxe5 Rxe5 28. Bb3 Qe7 29. Bxd5 Rxd5 30. c4 Rg5 31. Qc3+ Qf6 32. Rc1 Rc5 33. Kf1 h5 34. Qxf6+ Kxf6 35. Ke2 Ke6 36. Kd3 Kd6 37. Kc3 Rf5 38. Rc2 Kc5 39. Re2 g5 40. f3 h4 41. Re3 Kd6 42. a4 Rf4 43. Kb4 Rd4 44. Kc3 Rf4 45. Rd3+ Kc6 46. Rd5 g4 47. fxg4 Rxg4 48. Rh5 a5 49. Rxa5 Rxg2 50. Rh5 Rg3+ 51. Kb4 h3 52. Rh6+ Kb7 53. Kb5 Rb3+ 54. Kc5 Ka7 55. Rh7+ Ka6 56. a5 Rg3 57. Kb4 Rf3 58. Rh6+ Ka7 59. Kb5 Rb3+ 60. Kc5 Ra3 61. Kb4 Rg3 62. Kc5 Rg5+ 63. Kc6 Rg3 64. c5 Ra3 65. Kd6 Rd3+ 66. Kc7 Rg3 67. c6 Rf3 68. Rh8 h2 69. Rxh2 Rf7+ 70. Kd8 Rf8+ 71. Ke7 Rg8 72. Rf2 Rg6 73. Rf6 Rg3 74. Kd7 Rg7+ 75. Kd6 Ka6 76. Re6 Rh7 77. Re7 Rh3 78. Kd7 Rd3+ 79. Kc8 Rh3 80. c7 Rd3 81. Re8 Ka7 82. Rd8 Rc3 83. Kd7 Rd3+ 84. Ke6 1-0

[Event "St Petersburg Chigorin CC-ch"]
[Site "St Petersburg"]
[Date "2008.05.13"]
[Round "1"]
[White "Zhuravliov, Mikhail"]
[Black "Serov, Maksim"]
[Result "0-1"]
[WhiteElo "2019"]
[BlackElo "2295"]
[PlyCount "82"]
[EventDate "2008.05.13"]
[EventType "swiss"]
[EventRounds "9"]
[EventCountry "RUS"]
[SourceTitle "CBM 124 Extra"]
[Source "ChessBase"]
[SourceDate "2008.07.03"]
[SourceVersion "1"]
[SourceVersionDate "2008.07.03"]
[SourceQuality "1"]

1. e4 c5 2. Nf3 e6 3. c4 d6 4. d4 cxd4 5. Nxd4 Nf6 6. Nc3 b6 7. Be2 Bb7 8. f3 Nbd7 9. 0-0 a6 10. Be3 Rc8 11. Rc1 Be7 12. Nc2 0-0 13. Qd2 Qc7 14. Rfd1 Qb8 15. Qe1 Bd8 16. g4 Ne5 17. Na3 Ng6 18. Qf2 Nd7 19. Rd2 Bh4 20. Qg2 Bf6 21. Qf2 Be5 22. f4 Bxc3 23. Rxc3 Bxe4 24. h4 f5 25. h5 Ne7 26. g5 h6 27. g6 Ba8 28. Bd4 e5 29. Bxe5 Nxe5 30. fxe5 dxe5 31. Rd7 Nc6 32. Nc2 Rc7 33. Rcd3 e4 34. R3d6 Rxd7 35. Rxd7 Ne5 36. Rd1 f4 37. Qh4 f3 38. Bf1 f2+ 39. Kg2 e3+ 40. Kh3 Rf3+ 41. Kh2 Ng4+ 0-1